• 首页
  • 本馆介绍
  • 公告通知
  • 最新文献
  • 馆藏检索
  • 电子资源
  • 读者导购
  • 参考咨询
  • 我的图书馆
  • 登录
  • 详细信息显示
  • 放入我的书架
  • 预约/预借图书
  • 作者相关作品
  • 分类相关作品
  • 丛书相关作品
  • 出版社相关作品

书目信息

  • 表格格式
  • 工作单格式
  • 卡片格式
题名:
飞腾的天狮
    
 
作者: 远江 陈辉
分册:  
出版信息:   改革出版社  1997. 2
页数: 337页
开本: 32开
丛书名:
单 册:
中图分类: F727.21
科图分类:
主题词: 商业经济--中国
电子资源:
ISBN: 7-80072-977-X
000 00525nam0 2200193 45
001 0308271088
005 20030827105627.3
010    @a7-80072-977-X@dRMB28.80
100    @a20030827d1997 km y0chiy0120 ea
101    @achi
105    @a z 000yy
200 1  @a飞腾的天狮@Afei teng de tian shi@f远江 陈辉@Fyuan jiang chen hui
210    @c改革出版社@d1997. 2
215    @a337页@c无图表@d32开
606 0  @a商业经济@x中国
690    @aF727.21@v3
701  0 @a远江 陈辉
801    @aCN@b@c20030827
905    @aBZT@dF727.21@e180
    
    飞腾的天狮/远江 陈辉.-改革出版社,1997. 2
    337页:无图表;32开
    
    
    ISBN 7-80072-977-X:RMB28.80
    
●
相关链接 在五车中查询图书 在当当中查询图书 在豆瓣中查询图书


正题名:飞腾的天狮     索取号:F727.21/180         预约/预借

序号 登录号 条形码 馆藏地/架位号 状态 备注
1 78334   200479623   中心书库北库/ 北库037架B面1列3层31/ [索取号:F727.21/180] 在馆    
2 78335   200479632   中心书库北库/ 北库037架B面1列3层32/ [索取号:F727.21/180] 在馆    
3 78336   200479641   中心书库北库/ 北库037架B面1列3层30/ [索取号:F727.21/180] 在馆    
山东省滨州职业学院图书馆 欢迎您!
大连网信软件有限公司© 版权所有